000 00527nam a2200181Ia 4500
003 IN-BaIIA
008 211028s9999 xx 000 0 eng d
020 _a978-981-4525-59-6
040 _cIIA Library
080 _a530.12
_bEGD
100 _aEgdall, Ira Mark
_936149
245 0 _aEinstein relatively simple
_bour universe revealed in everyday language
_cIra Mark Egdall
260 _aNew Jersey
_bWorld Scientific
_c2014
300 _axiv, 383p.
650 _aEinstein, Albert
650 _aRelatively
_936150
942 _cBK
999 _c18924
_d18924